000 00350cam a2200133ua 4500
041 _aeng
_h
100 _aManjhi, Shankar .
245 _aSummer irrigated Groundnut cultivation /
_cShankar manji.
_hTextual Documents
260 _aNew Delhi :
_bDirector of Extension ,
_c1987.
300 _a ; .
504 _a
942 _cBK
999 _c12930
_d12930